000 01164nam a22003377a 4500
003 CHAP
005 20220329140946.0
008 971013s r 00010 d
010 _a60460
011 _a61432
035 _a65597
040 _cCHAP
090 _aR-3775
100 0 0 _aRzedowski Rotter, Jerzy.
_9101052
245 1 _aDos nuevas localidades de Larrea tridentata (Zygophyllaceae) en el centro de México y su interés fitogeográfico
500 _aSobretiro de : Acta Botánica Mexicana 1 : 7-9, 1988
590 _aBATCH-UPD
_b10
_c20130110
_lUCH01
_h0135
590 _aBATCH-UPD
_b10
_c20130110
_lUCH01
_h1509
590 _aBATCH-UPD
_b10
_c20130409
_lUCH01
_h2131
590 _aBATCH-UPD
_b10
_c20130410
_lUCH01
_h0927
590 _aBATCH-UPD
_b10
_c20130914
_lUCH01
_h0734
590 _aCONVERSION
_b10
_c20130109
_lUCH01
_h1332
650 1 4 _aBotánica
_xGuanajuato.
_914546
650 1 4 _aBotánica
_xQuerétaro.
_914610
650 1 4 _aFitogeografía.
_941157
650 1 4 _aLarrea tridentata.
_964959
700 0 _aCalderón de Rzedowski, Graciela.
_917385
901 _aBK
942 _cREIMP
949 _aR-3775
_bBC
_cR
_d33724000615688
_eTS1
_i65597
_si
999 _c60460
_d60460